000 01598nam0a22003851 4500
001 RU\NLR\A1SV\21626
005 20251203171251.9
035 _a(NLR Aleph) 009706560
090 _a9813275
_c9813275
100 _a20100624d1924 u y0rusy50 ca
101 0 _arus
102 _aRU
200 1 _aРота
_eСб. ст. о "реальной" пехоте
_fПод ред. Н.В.Куйбышева
210 _aМ.
_cВыстрел
_d1924
215 _a111 с.
_d18 см
300 _aАвт.: Тухачевский, Лебедев, Якир, Путна, Куйбышев, Суворов, Котов, Степанов, Энвальд, Ораевский [и др.]
620 _dМосква
702 1 _aКуйбышев
_bН.В.
_f1893-
_gНиколай Владимирович
702 1 _4570
_aТухачевский
_bМ. Н.
_f1893-1937
_gМихаил Николаевич
_9133213
_3RU\NLR\AUTH\770133247
702 1 _aЛебедев
702 1 _aЯкир
_bИ.Э.
_f1896-1937
_gИона Эммануилович
702 1 _aПутна
_bВ. К.
_cвоен. деятель
_f1893-1937
_gВитовт Казимирович
_9207548
_3RU\NLR\AUTH\770207601
702 1 _aСуворов
_bА.Н.
_f1873-1938
_gАндрей Николаевич
702 1 _aКотов
702 1 _aСтепанов
702 1 _aЭнвальд
_bМ.В.
_f1868-1928
_gМихаил Васильевич
702 1 _aОраевский
801 0 _aRU
_bNLR
_c20100624
852 _aNLR
_j74/134
852 _aNLR
_j74/134а
899 _aРГБ
942 _cBOOK
980 _aNB
980 _aA1SV